000 01051nam0a22002771 4500
001 RU\INFOCOMM_327\NLR\5000002120
005 20250613103847.0
035 _a(NLR Aleph) 009482240
090 _a8595063
_c8595063
100 _a20121203d1990 |||y0rusy50 ca
101 0 _aeng
102 _aRU
105 _ay z |||||
200 1 _aBulletin of A.F.Ioffe physico-technical institute
_eYoung scientists of the Inst. in Utrecht (The Netherlands), Mar. 90
_f[Ed. by Dr. V. I. Belitsky a. A. P. Pougovkin]
_gAcad. of sciences of the USSR, A. F. Ioffe physico-techn. inst.
210 _aL.
_cФТИ
_d1990
215 _a44 с.
_cграф.
_d20 см
320 _aБиблиогр. в конце глав
606 0 _aФизики
_jСборники
_91884748
_3RU\NLR\AUTH\661147114
620 _aСанкт-Петербург
686 _aВ3я43
_2rubbk
710 0 2 _aA. F. Ioffe physical technical institute
_cLeningrad
_4070
801 1 _aRU
_bNLR
_c20121203
801 0 _aRU
_bINFOCOMM
_gPSBO
852 _aNLR
_jФз01 Д-4/6006
942 _cBOOK
980 _aNB